| 000 | 00661nam a2200169Ia 4500 | ||
|---|---|---|---|
| 003 | GCL | ||
| 008 | 140319s9999 xx 000 0 ara d | ||
| 040 |
_aGCL / _cGCL |
||
| 082 | 0 | 4 |
_a239 _bس ت |
| 100 | 1 | _aسراج محمد عبدالعزيز وزان | |
| 245 | 1 | 0 |
_aالتدريس فى مدرسة النبوة : _bمفهومه - اهدافه - اسسه - طرائقه - تقويم اثره / _cسراج محمد عبدالعزيز وزان |
| 260 |
_aالرياض : _bرابطة العالم الاسلامى ، _c1993 |
||
| 300 |
_a323 ص ؛ _c20 سم |
||
| 650 | 0 | 4 | _aالسيرة النبوية |
| 650 | 0 | 4 | _aالاسلام - تاريخ |
| 942 |
_2ddc _cBK |
||
| 999 |
_c6942 _d6942 |
||